000
00290nam a22001337a 4500
008
181102b xxu||||| |||| 00| 0 eng d
020
_a
68984
041
_a
eng
080
_a
591
100
_a
7
101
_a
ZOO
245
_a
Representative Chordates
_c
Weichert, Ch. K
942
_2
udc
_c
BK
999
_c
51597
_d
51597